Top 10 NBA Power Forwards Of All-Time - Statistics

General Stats
  • This quiz has been taken 47 times
  • The average score is 8 of 10
Answer Stats
Team (when they were in their prime) Answer % Correct
Jazz Karl Malone
98%
Spurs Tim Duncan
98%
Mavericks Dirk Nowitzki
95%
Timberwolves Kevin Garnett
90%
Sixers Charles Barkley
81%
Bulls Dennis Rodman
81%
Boston Celtics Kevin McHale
79%
Hawks Bob Petit
52%
Lakers Pau Gasol
45%
Rockets Elvin Hayes
33%
No matching quizzes found
Score Distribution
Percent of People with Each Score
Percentile by Number Answered
Your Score History
You have not taken this quiz